header

Structural foundation designers' manual (Record no. 36513)

MARC details
000 -LEADER
fixed length control field 01247nam a2200325Ia 4500
245 00 - TITLE STATEMENT
Title Structural foundation designers' manual
250 ## - EDITION STATEMENT
Edition statement 2nd ed. /
260 ## - PUBLICATION, DISTRIBUTION, ETC. (IMPRINT)
Place of publication Malden, MA :
Name of publisher Blackwell Pub.,
Year of publication 2006.
300 ## - PHYSICAL DESCRIPTION
Number of Pages xviii, 370 p. :
Other physical details ill.
650 #0 - SUBJECT ADDED ENTRY--TOPICAL TERM
Topical Term Foundations.
Topical Term Structural design.
700 1# - ADDED ENTRY--PERSONAL NAME
Personal name Curtin, W. G.
Personal name Seward, N. J.
856 40 - ELECTRONIC LOCATION AND ACCESS
Uniform Resource Identifier http://site.ebrary.com/lib/rucke/Doc?id=10236655

No items available.

© 2026 Rongo University
Contact us: librarian | system librarian | Rongo university